000 00718nam a2200217 a 4500
001 000011275
005 20230526131558.0
008 091015s19uu dr a r 000 d spa d
040 _aDO-SdBNP
_bspa
_cBNPHU
082 _a862.2
_bR741c
100 1 _aRojas, Fernando de,
_d1470-1541
_939878
245 1 3 _aLa Celestina /
_cFernando de Rojas.
260 _aSanto Domingo :
_bAlfa & Omega,
_c[197?].
300 _a183 p. :
_bil. ;
_c18 cm.
500 _aIncluye referencias bibliográficas y notas al pie de las páginas.
590 _aInventariado, 2019 / DG
650 4 _aTeatro español
_93071
650 4 _aDrama español
_926851
650 4 _aLiteratura española
_9632
910 _aValidado. Control de calidad. MFF
999 _c10992
_d10992